000 00697nam a2200229Ia 4500
001 9133
003 GE_BSU
008 181216s||||||||xx |||||||||||||| ||und||
040 _cGE_BSU
080 _a821.353.1-32
100 _aკონჯარია,ბენო
245 _aმზიანი გულები
245 _bმოთხრობები
245 _cრედ:ლ.არაბიძე;მხატვ:ვ.გაბელია
260 _aთბილისი.
260 _bმერანი.
260 _c1982.
300 _a188გვ;20სმ
653 _aმზიანი გულები
653 _aმოთხრობები
942 _cBK
999 _c42437
_d42437